[Event "USA-ch Seniors 2019"]
[Site "Saint Louis"]
[Date "2019.07.15"]
[Round "5.1"]
[White "Yermolinsky, Alex"]
[Black "Ehlvest, Jaan"]
[Result "1/2-1/2"]
[WhiteElo "2504"]
[BlackElo "2515"]
[Annotator "ChessBase"]
[PlyCount "60"]
[EventDate "2019.07.09"]
[EventType "tourn"]
[EventCountry "USA"]
[SourceTitle "playchess.com"]
[Source "ChessBase"]
[SourceQuality "1"]
[TimeControl "40/5400+30:1800+30"]

1. d4 {[%emt 0:00:00]} Nf6 {[%emt 0:00:00]} 2. c4 {[%emt 0:00:00]} g6 {[%emt 0:00:00]} 3. Nc3 {[%emt 0:00:00]} Bg7 {[%emt 0:00:00]} 4. e4 {[%emt 0:00:03]} d6 {[%emt 0:00:00]} 5. Be2 {[%emt 0:01:43]} Nbd7 {[%emt 0:04:30]} 6. Nf3 {[%emt 0:04:07]} e5 {[%emt 0:00:23]} 7. O-O {[%emt 0:00:25]} O-O {[%emt 0:00:21]} 8. Re1 {[%emt 0:02:52]} Re8 {[%emt 0:01:06]} 9. d5 {[%emt 0:11:54]} Nc5 {[%emt 0:06:16]} 10. Bg5 {[%emt 0:01:19]} h6 {[%emt 0:00:35]} 11. Bxf6 {[%emt 0:00:03]} Bxf6 {[%emt 0:00:24]} 12. b4 {[%emt 0:00:10]} Nd7 {[%emt 0:00:03]} 13. Qc2 {[%emt 0:01:44]} Be7 {[%emt 0:03:26]} 14. Rad1 {[%emt 0:02:52]} Rf8 {[%emt 0:03:51]} 15. g3 {[%emt 0:03:21]} h5 {[%emt 0:05:48]} 16. Bf1 {[%emt 0:08:17]} h4 {[%emt 0:07:21]} 17. Bg2 {[%emt 0:01:59]} Kg7 {[%emt 0:00:34]} 18. Na4 {[%emt 0:06:21]} hxg3 {[%emt 0:12:58]} 19. hxg3 {[%emt 0:00:06]} Rh8 {[%emt 0:13:07]} 20. c5 {[%emt 0:02:10]} Nf6 {[%emt 0:05:39]} 21. Nb2 {[%emt 0:02:03]} Bg4 {[%emt 0:13:14]} 22. Nc4 {[%emt 0:02:58]} Rh5 {[%emt 0:01:01]} 23. Ne3 {[%emt 0:03:47]} Bd7 {[%emt 0:03:16]} 24. a4 {[%emt 0:04:15]} Qe8 {[%emt 0:03:35]} 25. Ra1 {[%emt 0:02:38]} Rc8 {[%emt 0:00:27]} 26. Nd2 {[%emt 0:08:16]} Rh8 {[%emt 0:03:26]} 27. Ndc4 {[%emt 0:04:58]} Qg8 {[%emt 0:01:04]} 28. Na5 {[%emt 0:13:06]} dxc5 {[%emt 0:02:42]} 29. Nxb7 {[%emt 0:04:24]} cxb4 {[%emt 0:00:53]} 30. Qb2 {[%emt 0:00:06]} Rh5 {[%emt 0:03:37]} 1/2-1/2

[Event "USA-ch Seniors 2019"]
[Site "Saint Louis"]
[Date "2019.07.15"]
[Round "5.2"]
[White "Fishbein, Alexander"]
[Black "Goldin, Alexander"]
[Result "0-1"]
[WhiteElo "2432"]
[BlackElo "2540"]
[Annotator "ChessBase"]
[PlyCount "66"]
[EventDate "2019.07.09"]
[EventType "tourn"]
[EventCountry "USA"]
[SourceTitle "playchess.com"]
[Source "ChessBase"]
[SourceQuality "1"]
[TimeControl "40/5400+30:1800+30"]

1. e4 {[%emt 0:00:00]} e5 {[%emt 0:00:00]} 2. Nf3 {[%emt 0:00:00]} Nc6 {[%emt 0:00:00]} 3. Bb5 {[%emt 0:00:00]} g6 {[%emt 0:01:06]} 4. O-O {[%emt 0:02:25]} Bg7 {[%emt 0:00:33]} 5. c3 {[%emt 0:01:45]} d6 {[%emt 0:06:36]} 6. d4 {[%emt 0:02:41]} Bd7 {[%emt 0:00:37]} 7. Re1 {[%emt 0:03:34]} a6 {[%emt 0:07:52]} 8. Bc4 {[%emt 0:07:40]} b5 {[%emt 0:17:47]} 9. Bd5 {[%emt 0:06:18]} Nge7 {[%emt 0:02:06]} 10. dxe5 {[%emt 0:01:24]} dxe5 {[%emt 0:06:29]} 11. Be3 {[%emt 0:07:27]} Nxd5 {[%emt 0:04:07]} 12. exd5 {[%emt 0:01:57]} Ne7 {[%emt 0:00:23]} 13. Bc5 {[%emt 0:05:22]} f6 {[%emt 0:03:06]} 14. Qb3 {[%emt 0:06:43]} Bg4 {[%emt 0:10:27]} 15. c4 {[%emt 0:01:56]} bxc4 {[%emt 0:02:50]} 16. Qa3 {[%emt 0:04:16]} Nxd5 {[%emt 0:03:45]} 17. Nc3 {[%emt 0:09:13]} Nxc3 {[%emt 0:07:04]} 18. Qxc3 {[%emt 0:01:27]} Qd5 {[%emt 0:02:32]} 19. Qa3 {[%emt 0:06:31]} Rd8 {[%emt 0:00:55]} 20. Nd4 {[%emt 0:08:13]} Kf7 {[%emt 0:01:15]} 21. Ne2 {[%emt 0:01:31]} Qc6 {[%emt 0:03:57]} 22. Nc3 {[%emt 0:01:11]} Rd3 {[%emt 0:00:32]} 23. Qa5 {[%emt 0:04:04]} Rb8 {[%emt 0:03:01]} 24. Ba3 {[%emt 0:00:25]} Bh6 {[%emt 0:02:49]} 25. Qa4 {[%emt 0:02:52]} Qxa4 {[%emt 0:00:52]} 26. Nxa4 {[%emt 0:00:01]} a5 {[%emt 0:03:42]} 27. Re4 {[%emt 0:01:41]} Rd4 {[%emt 0:02:03]} 28. Rae1 {[%emt 0:01:16]} Bf5 {[%emt 0:02:08]} 29. Rxd4 {[%emt 0:00:55]} exd4 {[%emt 0:00:05]} 30. Re7+ {[%emt 0:00:48]} Kg8 {[%emt 0:00:05]} 31. Rxc7 {[%emt 0:00:45]} c3 {[%emt 0:00:53]} 32. g4 {[%emt 0:02:33]} c2 {[%emt 0:00:42]} 33. gxf5 {[%emt 0:00:15]} d3 {[%emt 0:00:58]} 0-1

[Event "USA-ch Seniors 2019"]
[Site "Saint Louis"]
[Date "2019.07.15"]
[Round "5.3"]
[White "Shabalov, Alexander"]
[Black "Christiansen, Larry"]
[Result "1/2-1/2"]
[WhiteElo "2500"]
[BlackElo "2574"]
[Annotator "ChessBase"]
[PlyCount "78"]
[EventDate "2019.07.09"]
[EventType "tourn"]
[EventCountry "USA"]
[SourceTitle "playchess.com"]
[Source "ChessBase"]
[SourceQuality "1"]
[TimeControl "40/5400+30:1800+30"]

1. e4 {[%emt 0:00:00]} d5 {[%emt 0:00:00]} 2. exd5 {[%emt 0:00:00]} Qxd5 {[%emt 0:00:02]} 3. Nc3 {[%emt 0:00:43]} Qd6 {[%emt 0:00:20]} 4. d4 {[%emt 0:00:35]} Nf6 {[%emt 0:00:13]} 5. Nf3 {[%emt 0:04:25]} a6 {[%emt 0:01:15]} 6. g3 {[%emt 0:04:54]} Bg4 {[%emt 0:01:55]} 7. Bg2 {[%emt 0:00:50]} Nc6 {[%emt 0:00:07]} 8. O-O {[%emt 0:03:15]} O-O-O {[%emt 0:00:38]} 9. Bf4 {[%emt 0:17:28]} Qb4 {[%emt 0:00:57]} 10. d5 {[%emt 0:00:04]} e5 {[%emt 0:03:04]} 11. a3 {[%emt 0:20:25]} Qc4 {[%emt 0:12:05]} 12. Bg5 {[%emt 0:15:42]} Bxf3 {[%emt 0:07:45]} 13. Qxf3 {[%emt 0:04:52]} Nd4 {[%emt 0:00:12]} 14. Qd1 {[%emt 0:01:38]} h6 {[%emt 0:04:20]} 15. Be3 {[%emt 0:03:03]} Kb8 {[%emt 0:00:51]} 16. Qd2 {[%emt 0:00:51]} Nf5 {[%emt 0:10:49]} 17. b3 {[%emt 0:05:18]} Qg4 {[%emt 0:00:07]} 18. Rfe1 {[%emt 0:05:31]} Nxe3 {[%emt 0:01:53]} 19. Qxe3 {[%emt 0:00:05]} Bd6 {[%emt 0:00:56]} 20. Na4 {[%emt 0:00:10]} Qd4 {[%emt 0:01:06]} 21. Qe2 {[%emt 0:02:33]} e4 {[%emt 0:04:25]} 22. c4 {[%emt 0:00:09]} Rhe8 {[%emt 0:01:37]} 23. Rad1 {[%emt 0:00:34]} Qe5 {[%emt 0:00:10]} 24. b4 {[%emt 0:00:24]} h5 {[%emt 0:02:56]} 25. Rb1 {[%emt 0:01:18]} h4 {[%emt 0:23:14]} 26. b5 {[%emt 0:00:34]} hxg3 {[%emt 0:00:05]} 27. hxg3 {[%emt 0:00:04]} Nd7 {[%emt 0:01:34]} 28. bxa6 {[%emt 0:02:15]} b6 {[%emt 0:00:31]} 29. Qc2 {[%emt 0:00:15]} Nc5 {[%emt 0:04:32]} 30. Nxc5 {[%emt 0:02:30]} Bxc5 {[%emt 0:00:05]} 31. Rxe4 {[%emt 0:00:19]} Qd6 {[%emt 0:01:29]} 32. Qd3 {[%emt 0:04:22]} Rxe4 {[%emt 0:01:20]} 33. Bxe4 {[%emt 0:00:01]} Ka7 {[%emt 0:00:27]} 34. a4 {[%emt 0:00:07]} f5 {[%emt 0:01:37]} 35. Bxf5 {[%emt 0:01:26]} Rf8 {[%emt 0:00:36]} 36. Rf1 {[%emt 0:00:16]} Qe5 {[%emt 0:01:54]} 37. Bg4 {[%emt 0:00:08]} Rxf2 {[%emt 0:00:26]} 38. Rxf2 {[%emt 0:00:20]} Qe1+ {[%emt 0:00:05]} 39. Kg2 {[%emt 0:00:31]} Qxf2+ {[%emt 0:00:25]} 1/2-1/2

[Event "USA-ch Seniors 2019"]
[Site "Saint Louis"]
[Date "2019.07.15"]
[Round "5.4"]
[White "Kaidanov, Gregory"]
[Black "Benjamin, Joel"]
[Result "1/2-1/2"]
[WhiteElo "2544"]
[BlackElo "2524"]
[Annotator "ChessBase"]
[PlyCount "90"]
[EventDate "2019.07.09"]
[EventType "tourn"]
[EventCountry "USA"]
[SourceTitle "playchess.com"]
[Source "ChessBase"]
[SourceQuality "1"]
[TimeControl "40/5400+30:1800+30"]

1. Nf3 {[%emt 0:00:00]} Nf6 {[%emt 0:00:00]} 2. g3 {[%emt 0:00:00]} b6 {[%emt 0:01:55]} 3. Bg2 {[%emt 0:00:00]} Bb7 {[%emt 0:00:04]} 4. O-O {[%emt 0:00:49]} g6 {[%emt 0:00:06]} 5. c4 {[%emt 0:04:35]} Bg7 {[%emt 0:01:07]} 6. Nc3 {[%emt 0:00:37]} O-O {[%emt 0:02:15]} 7. d4 {[%emt 0:09:28]} Ne4 {[%emt 0:00:31]} 8. Nxe4 {[%emt 0:04:01]} Bxe4 {[%emt 0:00:06]} 9. Be3 {[%emt 0:05:15]} d5 {[%emt 0:10:30]} 10. Rc1 {[%emt 0:03:29]} Nc6 {[%emt 0:14:53]} 11. Qa4 {[%emt 0:11:28]} Qe8 {[%emt 0:06:32]} 12. Rfd1 {[%emt 0:09:12]} Rd8 {[%emt 0:13:17]} 13. Ne1 {[%emt 0:10:57]} Bxg2 {[%emt 0:08:34]} 14. Kxg2 {[%emt 0:02:39]} e5 {[%emt 0:12:08]} 15. cxd5 {[%emt 0:01:33]} exd4 {[%emt 0:00:59]} 16. Qxc6 {[%emt 0:05:42]} Qe4+ {[%emt 0:02:05]} 17. Nf3 {[%emt 0:03:13]} dxe3 {[%emt 0:00:04]} 18. Rc4 {[%emt 0:02:41]} Qf5 {[%emt 0:01:58]} 19. fxe3 {[%emt 0:05:36]} Rfe8 {[%emt 0:02:19]} 20. Rd3 {[%emt 0:04:36]} Re7 {[%emt 0:02:08]} 21. b3 {[%emt 0:02:31]} Rd6 {[%emt 0:04:41]} 22. Qa8+ {[%emt 0:01:11]} Bf8 {[%emt 0:00:06]} 23. Rf4 {[%emt 0:00:52]} Qd7 {[%emt 0:00:39]} 24. Rc4 {[%emt 0:05:39]} Qf5 {[%emt 0:05:05]} 25. Rf4 {[%emt 0:03:15]} Qd7 {[%emt 0:00:20]} 26. Kf2 {[%emt 0:01:07]} c5 {[%emt 0:03:55]} 27. dxc6 {[%emt 0:00:08]} Qxc6 {[%emt 0:00:03]} 28. Qxc6 {[%emt 0:00:20]} Rxc6 {[%emt 0:00:01]} 29. Nd4 {[%emt 0:02:12]} Rc1 {[%emt 0:01:12]} 30. Nb5 {[%emt 0:00:38]} Bh6 {[%emt 0:00:44]} 31. Rf3 {[%emt 0:00:25]} Kg7 {[%emt 0:02:44]} 32. g4 {[%emt 0:00:21]} Bg5 {[%emt 0:00:28]} 33. a4 {[%emt 0:00:48]} a6 {[%emt 0:01:19]} 34. Nc3 {[%emt 0:00:34]} Bh4+ {[%emt 0:00:34]} 35. Kg2 {[%emt 0:00:01]} Rc2 {[%emt 0:00:13]} 36. Kh3 {[%emt 0:00:52]} Bg5 {[%emt 0:00:59]} 37. Kg3 {[%emt 0:00:32]} Re6 {[%emt 0:00:41]} 38. h4 {[%emt 0:00:57]} Be7 {[%emt 0:00:58]} 39. g5 {[%emt 0:00:25]} Bb4 {[%emt 0:01:51]} 40. Nd5 {[%emt 0:00:00]} Be1+ {[%emt 0:00:00]} 41. Kh3 {[%emt 0:05:13]} Rd2 {[%emt 0:17:25]} 42. Nf4 {[%emt 0:18:07]} Re7 {[%emt 0:01:55]} 43. Nd5 {[%emt 0:06:21]} Re6 {[%emt 0:01:10]} 44. Nf4 {[%emt 0:02:38]} Re7 {[%emt 0:00:29]} 45. Nd5 {[%emt 0:00:50]} Re6 {[%emt 0:03:15]} 1/2-1/2

[Event "USA-ch Seniors 2019"]
[Site "Saint Louis"]
[Date "2019.07.15"]
[Round "5.5"]
[White "Dlugy, Maxim"]
[Black "Novikov, Igor"]
[Result "0-1"]
[WhiteElo "2518"]
[BlackElo "2556"]
[Annotator "ChessBase"]
[PlyCount "76"]
[EventDate "2019.07.09"]
[EventType "tourn"]
[EventCountry "USA"]
[SourceTitle "playchess.com"]
[Source "ChessBase"]
[SourceQuality "1"]
[TimeControl "40/5400+30:1800+30"]

1. d4 {[%emt 0:00:00]} d5 {[%emt 0:00:00]} 2. Bf4 {[%emt 0:00:00]} Nf6 {[%emt 0:00:06]} 3. e3 {[%emt 0:00:00]} c5 {[%emt 0:00:44]} 4. dxc5 {[%emt 0:00:07]} e6 {[%emt 0:01:26]} 5. b4 {[%emt 0:00:14]} a5 {[%emt 0:01:11]} 6. c3 {[%emt 0:00:04]} Bd7 {[%emt 0:00:45]} 7. Nd2 {[%emt 0:00:09]} axb4 {[%emt 0:01:29]} 8. cxb4 {[%emt 0:00:05]} b6 {[%emt 0:01:12]} 9. cxb6 {[%emt 0:00:04]} Bxb4 {[%emt 0:00:44]} 10. Bc7 {[%emt 0:00:25]} Qe7 {[%emt 0:00:26]} 11. Ngf3 {[%emt 0:08:33]} Ba4 {[%emt 0:07:28]} 12. Qxa4+ {[%emt 0:07:01]} Rxa4 {[%emt 0:00:07]} 13. Bb5+ {[%emt 0:00:02]} Nfd7 {[%emt 0:06:35]} 14. Bxa4 {[%emt 0:00:19]} O-O {[%emt 0:00:44]} 15. Bxd7 {[%emt 0:04:04]} Qxd7 {[%emt 0:07:04]} 16. a4 {[%emt 0:10:34]} Na6 {[%emt 0:06:56]} 17. Ne5 {[%emt 0:01:52]} Qe7 {[%emt 0:09:28]} 18. Nc6 {[%emt 0:00:47]} Qc5 {[%emt 0:06:06]} 19. Nxb4 {[%emt 0:00:26]} Qxb4 {[%emt 0:00:12]} 20. Rb1 {[%emt 0:03:35]} Qa5 {[%emt 0:09:03]} 21. Bd6 {[%emt 0:02:32]} Rd8 {[%emt 0:00:13]} 22. Bg3 {[%emt 0:02:55]} d4 {[%emt 0:04:44]} 23. e4 {[%emt 0:06:58]} e5 {[%emt 0:03:21]} 24. b7 {[%emt 0:05:02]} f6 {[%emt 0:03:48]} 25. f4 {[%emt 0:01:06]} Rb8 {[%emt 0:03:29]} 26. fxe5 {[%emt 0:04:25]} fxe5 {[%emt 0:04:36]} 27. O-O {[%emt 0:00:50]} Qxd2 {[%emt 0:01:08]} 28. Bxe5 {[%emt 0:00:04]} Rf8 {[%emt 0:06:51]} 29. Rfd1 {[%emt 0:10:15]} Qe3+ {[%emt 0:00:31]} 30. Kh1 {[%emt 0:00:01]} d3 {[%emt 0:00:39]} 31. Bd6 {[%emt 0:05:49]} Rf2 {[%emt 0:03:19]} 32. Bg3 {[%emt 0:08:19]} Re2 {[%emt 0:02:29]} 33. b8=Q+ {[%emt 0:03:39]} Nxb8 {[%emt 0:00:04]} 34. Rxb8+ {[%emt 0:00:06]} Kf7 {[%emt 0:00:04]} 35. Rg1 {[%emt 0:11:07]} Qxe4 {[%emt 0:02:38]} 36. a5 {[%emt 0:00:29]} d2 {[%emt 0:02:51]} 37. Rd8 {[%emt 0:00:19]} Ke7 {[%emt 0:00:42]} 38. Rd6 {[%emt 0:00:42]} Qe3 {[%emt 0:00:32]} 0-1

[Event "USA-ch Seniors 2019"]
[Site "Saint Louis"]
[Date "2019.07.17"]
[Round "6.1"]
[White "Ehlvest, Jaan"]
[Black "Novikov, Igor"]
[Result "0-1"]
[WhiteElo "2515"]
[BlackElo "2556"]
[Annotator "TA"]
[PlyCount "90"]
[EventDate "2019.07.09"]
[EventType "tourn"]
[EventCountry "USA"]
[SourceTitle "playchess.com"]
[Source "ChessBase"]
[SourceQuality "1"]

{[%evp 12,90,22,20,35,0,15,10,0,0,40,33,36,29,20,28,33,33,24,28,39,9,62,62,192,121,146,83,130,105,79,49,137,-5,-3,-6,-7,-27,-29,-28,-25,-24,-16,-33,0,0,0,0,0,0,0,-32,0,4,0,-124,-143,-124,-127,-165,-154,-202,-197,-222,-177,-277,-259,-264,-259,-270,-249,-250,-256,-541,-541,-610,-610,-808,-806,-776,-774]} 1. e4 c5 2. Nf3 d6 3. d4 cxd4 4. Nxd4 Nf6 5. Nc3 a6 6. h3 e6 7. g4 h6 {B81: Sicilian Scheveningen: Keres Attack} 8. f4 (8. Bg2 Be7 9. Be3 Nc6 10. f4 Nd7 11. O-O Nxd4 12. Qxd4 O-O 13. Qd2 Rb8 14. Ne2 b5 15. Rad1 Bb7 16. e5 Bxg2 17. Kxg2 {0-1 (59) Ponomariov,R (2682)-Wang,H (2795) Hengshui 2019}) 8... b5 9. Bg2 Bb7 {The position is equal.} 10. O-O Nbd7 {Black wants to play ...b4.} (10... b4 $5 {[%cal Rb4c3]} 11. e5 Bxg2 12. Kxg2 dxe5 13. fxe5 bxc3 14. exf6 Qd5+ 15. Qf3 Qxf3+ 16. Rxf3 gxf6 $11) 11. g5 $146 ({Predecessor:} 11. Re1 Rc8 12. a4 b4 13. Nd5 exd5 14. exd5+ {0-1 (40) Stubbs,M (2075)-Walczak,T (2010) ICCF email 2012}) 11... hxg5 12. fxg5 Nh5 13. g6 Nhf6 14. gxf7+ Kxf7 15. Qg4 Qe7 16. Bg5 Re8 (16... b4 $11 17. Nd1 e5) 17. Qg3 $14 Ne5 (17... b4 $1 $14) 18. Nce2 ({White should play} 18. h4 $18) 18... Bc8 $16 19. c3 (19. Rf2 $142) 19... Qc7 20. Nf4 Be7 21. h4 Bd8 (21... Kg8 $14) 22. Rad1 (22. Bh3 $1 $16) 22... Kg8 $11 23. Nd3 $132 {[%mdl 2048] aiming for Bxf6. White puts up resistance} Nfg4 24. Bh3 Bxg5 25. hxg5 Nxd3 26. Rxd3 Ne5 27. Rd2 Qe7 28. Rh2 Ng6 29. Nc6 Qc7 30. Nd4 $1 Qc5 31. Kg2 Qe5 32. Qxe5 dxe5 33. Ne2 (33. Nf3 $11) 33... Bb7 $17 34. Kg3 Bxe4 35. Rd1 {[#]} Bd5 $1 36. b3 Rf8 {Threatens to win with ...Rf3+.} 37. Rd3 Kf7 38. c4 (38. Rf2+ {was called for.} Ke7 39. Rxf8 Rxf8 40. Ng1) 38... bxc4 $19 39. bxc4 Bxc4 40. Rd7+ Ke8 41. Rxg7 {[#]} Ne7 $1 42. Nc3 $2 (42. g6) 42... Rf4 {Black is clearly winning.} 43. g6 {[#]} Rxh3+ $1 {[%mdl 576] Remove Defender} 44. Kxh3 {Hoping for Rb2.} Bf1+ 45. Rg2 Rf2 {[%mdl 64] Pin. Accuracy: White = 30%, Black = 56%.} 0-1

[Event "USA-ch Seniors 2019"]
[Site "Saint Louis"]
[Date "2019.07.17"]
[Round "6.2"]
[White "Benjamin, Joel"]
[Black "Dlugy, Maxim"]
[Result "1-0"]
[WhiteElo "2524"]
[BlackElo "2518"]
[Annotator "ChessBase"]
[PlyCount "79"]
[EventDate "2019.07.09"]
[EventType "tourn"]
[EventCountry "USA"]
[SourceTitle "playchess.com"]
[Source "ChessBase"]
[SourceQuality "1"]
[TimeControl "40/5400+30:1800+30"]

1. e4 {[%emt 0:00:00]} c5 {[%emt 0:00:00]} 2. c3 {[%emt 0:00:00]} d5 {[%emt 0:00:11]} 3. exd5 {[%emt 0:00:00]} Qxd5 {[%emt 0:00:04]} 4. Nf3 {[%emt 0:00:13]} g6 {[%emt 0:01:13]} 5. Na3 {[%emt 0:04:59]} Bg7 {[%emt 0:01:32]} 6. d4 {[%emt 0:06:24]} cxd4 {[%emt 0:00:37]} 7. Nb5 {[%emt 0:09:58]} Na6 {[%emt 0:00:32]} 8. Nbxd4 {[%emt 0:01:16]} Nf6 {[%emt 0:01:58]} 9. Bb5+ {[%emt 0:01:32]} Bd7 {[%emt 0:01:40]} 10. Bxd7+ {[%emt 0:02:47]} Nxd7 {[%emt 0:01:16]} 11. O-O {[%emt 0:00:17]} O-O {[%emt 0:13:01]} 12. Bg5 {[%emt 0:12:24]} e5 {[%emt 0:04:05]} 13. Nf5 {[%emt 0:01:36]} Qxd1 {[%emt 0:00:15]} 14. Raxd1 {[%emt 0:04:25]} gxf5 {[%emt 0:07:00]} 15. Rxd7 {[%emt 0:00:06]} f6 {[%emt 0:08:29]} 16. Bc1 {[%emt 0:02:13]} Rf7 {[%emt 0:03:10]} 17. Rdd1 {[%emt 0:10:46]} f4 {[%emt 0:03:34]} 18. g3 {[%emt 0:05:39]} fxg3 {[%emt 0:02:51]} 19. fxg3 {[%emt 0:00:08]} Rff8 {[%emt 0:07:12]} 20. Be3 {[%emt 0:03:21]} Nb8 {[%emt 0:03:50]} 21. Nh4 {[%emt 0:01:55]} Nc6 {[%emt 0:00:09]} 22. Rd7 {[%emt 0:00:48]} Rf7 {[%emt 0:05:05]} 23. Rfd1 {[%emt 0:01:20]} Re8 {[%emt 0:00:17]} 24. Nf5 {[%emt 0:05:38]} Bf8 {[%emt 0:00:04]} 25. g4 {[%emt 0:01:11]} b6 {[%emt 0:07:03]} 26. h3 {[%emt 0:07:38]} Re6 {[%emt 0:04:43]} 27. Rxf7 {[%emt 0:01:50]} Kxf7 {[%emt 0:00:04]} 28. Rd7+ {[%emt 0:00:10]} Be7 {[%emt 0:00:21]} 29. Rc7 {[%emt 0:00:58]} e4 {[%emt 0:04:20]} 30. Kf1 {[%emt 0:02:01]} Kf8 {[%emt 0:03:02]} 31. Ke2 {[%emt 0:02:10]} Bd8 {[%emt 0:02:44]} 32. Rxh7 {[%emt 0:01:10]} Kg8 {[%emt 0:00:39]} 33. Rg7+ {[%emt 0:02:09]} Kh8 {[%emt 0:00:04]} 34. Rd7 {[%emt 0:00:35]} Be7 {[%emt 0:00:06]} 35. Nd4 {[%emt 0:01:50]} Nxd4+ {[%emt 0:00:08]} 36. Bxd4 {[%emt 0:00:03]} Bc5 {[%emt 0:00:15]} 37. Rxa7 {[%emt 0:00:58]} Bxd4 {[%emt 0:00:10]} 38. cxd4 {[%emt 0:00:04]} Rc6 {[%emt 0:00:14]} 39. Ke3 {[%emt 0:00:54]} Rc2 {[%emt 0:00:05]} 40. d5 {[%emt 0:00:00]} 1-0

[Event "USA-ch Seniors 2019"]
[Site "Saint Louis"]
[Date "2019.07.17"]
[Round "6.3"]
[White "Christiansen, Larry"]
[Black "Kaidanov, Gregory"]
[Result "0-1"]
[WhiteElo "2574"]
[BlackElo "2544"]
[Annotator "ChessBase"]
[PlyCount "94"]
[EventDate "2019.07.09"]
[EventType "tourn"]
[EventCountry "USA"]
[SourceTitle "playchess.com"]
[Source "ChessBase"]
[SourceQuality "1"]
[TimeControl "40/5400+30:1800+30"]

1. Nf3 {[%emt 0:00:00]} d5 {[%emt 0:00:00]} 2. g3 {[%emt 0:00:00]} Nf6 {[%emt 0:02:53]} 3. Bg2 {[%emt 0:00:18]} c5 {[%emt 0:00:54]} 4. O-O {[%emt 0:01:35]} e6 {[%emt 0:01:20]} 5. c4 {[%emt 0:01:11]} d4 {[%emt 0:00:23]} 6. d3 {[%emt 0:03:10]} Nc6 {[%emt 0:00:20]} 7. e3 {[%emt 0:00:34]} Bd6 {[%emt 0:07:17]} 8. exd4 {[%emt 0:03:46]} cxd4 {[%emt 0:00:10]} 9. a3 {[%emt 0:02:14]} a5 {[%emt 0:00:38]} 10. Bg5 {[%emt 0:02:44]} h6 {[%emt 0:01:37]} 11. Bxf6 {[%emt 0:00:23]} Qxf6 {[%emt 0:00:06]} 12. Nbd2 {[%emt 0:00:29]} Qd8 {[%emt 0:03:37]} 13. Rc1 {[%emt 0:08:09]} O-O {[%emt 0:02:21]} 14. c5 {[%emt 0:03:13]} Bc7 {[%emt 0:02:36]} 15. Nc4 {[%emt 0:11:34]} Qe7 {[%emt 0:05:10]} 16. Re1 {[%emt 0:14:14]} Qxc5 {[%emt 0:22:31]} 17. Nce5 {[%emt 0:15:07]} Qb6 {[%emt 0:02:50]} 18. Nxc6 {[%emt 0:00:59]} bxc6 {[%emt 0:00:04]} 19. Re2 {[%emt 0:01:29]} Bd7 {[%emt 0:06:24]} 20. Qa4 {[%emt 0:01:33]} e5 {[%emt 0:09:56]} 21. Nh4 {[%emt 0:07:29]} Rac8 {[%emt 0:00:45]} 22. Be4 {[%emt 0:01:48]} g6 {[%emt 0:02:47]} 23. Rec2 {[%emt 0:02:38]} Bd6 {[%emt 0:01:05]} 24. Bxc6 {[%emt 0:04:49]} Be6 {[%emt 0:00:37]} 25. Bb5 {[%emt 0:03:40]} Kg7 {[%emt 0:04:04]} 26. Rc6 {[%emt 0:02:12]} Rxc6 {[%emt 0:01:05]} 27. Rxc6 {[%emt 0:00:05]} Qd8 {[%emt 0:01:54]} 28. Rc1 {[%emt 0:01:18]} Qb6 {[%emt 0:02:58]} 29. Rc6 {[%emt 0:00:15]} Qd8 {[%emt 0:00:10]} 30. Rc1 {[%emt 0:00:09]} Bd5 {[%emt 0:02:48]} 31. Bc6 {[%emt 0:00:41]} Qc7 {[%emt 0:01:49]} 32. Rc2 {[%emt 0:03:24]} Rc8 {[%emt 0:02:08]} 33. Bxd5 {[%emt 0:00:05]} Qxc2 {[%emt 0:00:14]} 34. Qd7 {[%emt 0:00:04]} Qc7 {[%emt 0:01:14]} 35. Qg4 {[%emt 0:00:08]} Rb8 {[%emt 0:04:02]} 36. Be4 {[%emt 0:00:41]} Qc1+ {[%emt 0:02:01]} 37. Kg2 {[%emt 0:00:04]} Qg5 {[%emt 0:00:05]} 38. Qd7 {[%emt 0:00:09]} Qe7 {[%emt 0:00:12]} 39. Qg4 {[%emt 0:00:43]} Qe6 {[%emt 0:01:27]} 40. Qxe6 {[%emt 0:00:00]} fxe6 {[%emt 0:00:00]} 41. b4 {[%emt 0:01:20]} Bxb4 {[%emt 0:02:55]} 42. a4 {[%emt 0:00:58]} g5 {[%emt 0:02:05]} 43. Nf3 {[%emt 0:00:05]} Kf6 {[%emt 0:00:11]} 44. h4 {[%emt 0:00:29]} gxh4 {[%emt 0:02:38]} 45. Nxh4 {[%emt 0:00:19]} Bc3 {[%emt 0:00:47]} 46. Nf3 {[%emt 0:00:15]} Rb4 {[%emt 0:00:29]} 47. Bc6 {[%emt 0:00:08]} e4 {[%emt 0:00:48]} 0-1

[Event "USA-ch Seniors 2019"]
[Site "Saint Louis"]
[Date "2019.07.17"]
[Round "6.4"]
[White "Goldin, Alexander"]
[Black "Shabalov, Alexander"]
[Result "1/2-1/2"]
[WhiteElo "2540"]
[BlackElo "2500"]
[Annotator "TA"]
[PlyCount "112"]
[EventDate "2019.07.09"]
[EventType "tourn"]
[EventCountry "USA"]
[SourceTitle "playchess.com"]
[Source "ChessBase"]
[SourceQuality "1"]

{[%evp 9,112,22,24,0,14,18,20,15,0,9,16,0,8,4,30,25,28,18,43,46,48,0,0,0,0,2,0,0,7,0,0,0,0,0,0,0,120,136,137,132,121,127,123,66,160,0,74,71,64,19,20,20,20,18,22,0,0,0,0,0,8,0,8,0,0,0,0,0,0,0,0,0,22,12,22,22,23,23,25,23,23,23,23,23,24,24,26,13,16,13,18,10,21,2,14,8,21,8,20,8,22,0,23,17,19]} 1. d4 Nf6 2. Nf3 g6 3. Nbd2 Bg7 4. e4 O-O 5. e5 (5. Bd3 d6 6. O-O c5 7. c3 Qc7 8. h3 Nc6 9. d5 Ne5 10. Nxe5 dxe5 11. Re1 Ne8 12. a4 Nd6 13. Nc4 e6 14. Nxd6 Qxd6 15. Bc4 exd5 16. Bxd5 {½-½ (45) Grischuk,A (2767)-Mamedyarov,S (2809) Moscow 2018}) 5... Ne8 6. Bc4 {A48: 1 d4 Nf6 2 Nf3 g6: Torre, London and Colle Systems} c5 7. dxc5 Nc6 8. O-O $146 ({Predecessor:} 8. c3 Qc7 9. Qe2 Nxe5 10. Nxe5 Qxe5 11. Qxe5 Bxe5 12. Nf3 Bc7 {1-0 (59) Afanasiev,N (2364)-Zakhartsov,V (2472) Moscow 2018}) 8... Nxe5 9. Nxe5 Bxe5 10. Re1 Qc7 11. Qe2 Bxh2+ 12. Kh1 d5 13. Bxd5 Nf6 14. Bf3 Bf4 $1 15. Nb3 Bxc1 16. Raxc1 Re8 17. Qe5 $36 {[%mdl 2048] White has some pressure.} Qxe5 18. Rxe5 {Strongly threatening c6.} Rb8 19. Na5 Nd7 20. Rd5 e6 21. Rxd7 Bxd7 22. Bxb7 Rxb7 (22... Re7 $11) 23. Nxb7 $11 {[%mdl 4096] Endgame KRB-KRN} Rb8 24. Na5 Rxb2 25. c6 Bc8 26. Rd1 (26. Nc4 $16 Rxa2 27. Nd6) 26... Ba6 {[#]} (26... Kg7 $1 $14) 27. Rd8+ (27. c4 $142 $1) 27... Kg7 $16 {[#]} 28. c4 $1 Rxa2 29. Nb3 (29. Nb7 $5 {[%cal Rb7c5]} Rc2 30. Nd6 $11) 29... Rc2 ({Don't go for} 29... Rxf2 $2 30. Nc5 $18) 30. Nc5 Rxc4 31. Nxa6 Rxc6 $11 {KRN-KR} 32. Nb4 Rc1+ 33. Kh2 a5 {[%cal Ba7a5,Ba5a4,Ba4a3][%mdl 32]} 34. Na6 $1 Rc6 35. Nb8 Rb6 36. Rc8 a4 37. Nd7 Rb2 38. f3 a3 39. Ra8 a2 40. Ne5 g5 41. Nd3 Rc2 42. Nb4 {[%mdl 64] Double Attack} Rc4 43. Nxa2 e5 44. Ra5 f6 45. Ra3 e4 46. fxe4 Rxe4 47. Nc3 Re5 48. Nd1 h5 49. Nf2 Kg6 50. Ra6 Re3 51. g3 Kf5 52. Kg2 Kg6 53. Rd6 Kf5 54. Rb6 Kg6 55. Rd6 Kf5 56. Nd1 Ra3 {Accuracy: White = 51%, Black = 63%.} 1/2-1/2